[Event "GBR-ch86"]
[Site "Scarborough"]
[Date "1999.08.04"]
[Round "3.14"]
[White "Pert, Nicholas"]
[Black "Rahman, Taibur"]
[Result "1-0"]
[WhiteElo "2425"]
[BlackElo "2210"]
[PlyCount "71"]
[EventDate "1999.08.02"]
[EventType "swiss"]
[EventRounds "11"]
[EventCountry "GBR"]

1. d4 d5 2. c4 e6 3. Nf3 c6 4. e3 Nf6 5. Bd3 Nbd7 6. O-O Bd6 7. Nc3 O-O 8. e4
dxc4 9. Bxc4 e5 10. Re1 exd4 11. Nxd4 Ne5 12. Be2 Neg4 13. h3 Bc5 14. hxg4 Qxd4
15. Qxd4 Bxd4 16. g5 Bxc3 17. bxc3 Nxe4 18. Bf1 Bf5 19. g4 Bg6 20. f4 f5 21.
gxf6 Nxf6 22. f5 Bf7 23. g5 Nd5 24. c4 Nb6 25. Rb1 Nxc4 26. g6 Bd5 27. Bxc4
Bxc4 28. Rxb7 hxg6 29. Ree7 Rf7 30. fxg6 Rxe7 31. Rxe7 Kf8 32. Ba3 Kg8 33. Bb2
Bxa2 34. Rxg7+ Kf8 35. Rh7 a5 36. g7+ 1-0

[Event "GBR-ch86"]
[Site "Scarborough"]
[Date "1999.08.04"]
[Round "3.15"]
[White "Kidambi, Sundara"]
[Black "Summerscale, Aaron"]
[Result "1/2-1/2"]
[WhiteElo "2334"]
[BlackElo "2423"]
[PlyCount "58"]
[EventDate "1999.08.02"]
[EventType "swiss"]
[EventRounds "11"]
[EventCountry "GBR"]

1. d4 d5 2. c4 e6 3. Nc3 c5 4. cxd5 exd5 5. Nf3 Nc6 6. g3 Nf6 7. Bg2 Be7 8. O-O
O-O 9. Bg5 c4 10. Ne5 Be6 11. b3 Qa5 12. Nxc6 bxc6 13. Qc2 Rfd8 14. Rfd1 Rac8
15. bxc4 dxc4 16. Ne4 Qf5 17. Bxf6 Bxf6 18. Nxf6+ Qxf6 19. e3 c5 20. d5 Bxd5
21. Bxd5 Rxd5 22. Rxd5 Qxa1+ 23. Rd1 Qf6 24. Qxc4 g6 25. Kg2 h5 26. h4 Rb8 27.
Qxc5 Rb2 28. e4 Rxa2 29. Rd7 Qb6 1/2-1/2

[Event "GBR-ch86"]
[Site "Scarborough"]
[Date "1999.08.04"]
[Round "3.16"]
[White "Lane, Gary William"]
[Black "Gokhale, Anupama"]
[Result "1-0"]
[WhiteElo "2409"]
[BlackElo "2181"]
[PlyCount "59"]
[EventDate "1999.08.02"]
[EventType "swiss"]
[EventRounds "11"]
[EventCountry "GBR"]

1. e4 e5 2. Nf3 Nc6 3. Bb5 Nf6 4. O-O Nxe4 5. d4 Be7 6. dxe5 O-O 7. Qe2 d5 8.
c4 Bg4 9. Rd1 Nxe5 10. Rxd5 Bd6 11. Qxe4 Bxf3 12. gxf3 c6 13. Rd1 Qf6 14. Ba4
Nxf3+ 15. Kg2 Nh4+ 16. Kf1 Rae8 17. Rxd6 Qxd6 18. Qxh4 Qd3+ 19. Kg2 Re1 20. Nd2
Rfe8 21. Qg3 Qe2 22. Qf3 Qe6 23. Bc2 Rd8 24. Rb1 g6 25. b3 Rd4 26. h3 f5 27.
Nf1 Qe7 28. Be3 Rxb1 29. Bxb1 Rd7 30. Bc2 1-0

[Event "GBR-ch86"]
[Site "Scarborough"]
[Date "1999.08.04"]
[Round "3.18"]
[White "Houska, Jovanka"]
[Black "Kosten, Anthony"]
[Result "1/2-1/2"]
[WhiteElo "2251"]
[BlackElo "2515"]
[PlyCount "59"]
[EventDate "1999.08.02"]
[EventType "swiss"]
[EventRounds "11"]
[EventCountry "GBR"]

1. e4 c5 2. g3 Nc6 3. Bg2 e6 4. Nc3 g6 5. d3 Bg7 6. Be3 d6 7. Qd2 Bd7 8. Nge2
Nd4 9. O-O Ne7 10. Nc1 O-O 11. Nd1 Ba4 12. b3 Bb5 13. c3 Ndc6 14. Bh6 Bxh6 15.
Qxh6 d5 16. exd5 exd5 17. c4 Ba6 18. Nc3 dxc4 19. dxc4 Nd4 20. N1e2 Nef5 21.
Qc1 Qa5 22. Nf4 Rad8 23. Re1 Rfe8 24. Nfd5 Rxe1+ 25. Qxe1 Nc2 26. Qe5 Nxa1 27.
Nf6+ Kh8 28. Nh5+ Kg8 29. Nf6+ Kh8 30. Nh5+ 1/2-1/2

[Event "GBR-ch86"]
[Site "Scarborough"]
[Date "1999.08.04"]
[Round "3.20"]
[White "Ledger, David"]
[Black "Bin-Sattar, Reefat"]
[Result "1/2-1/2"]
[WhiteElo "2240"]
[BlackElo "2377"]
[PlyCount "96"]
[EventDate "1999.08.02"]
[EventType "swiss"]
[EventRounds "11"]
[EventCountry "GBR"]

1. e4 c5 2. Nc3 Nc6 3. g3 g6 4. d3 Bg7 5. Be3 d6 6. Qd2 Rb8 7. Bg2 e6 8. Nge2
Nd4 9. O-O Ne7 10. Nc1 b5 11. Nd1 b4 12. c3 bxc3 13. bxc3 Ndc6 14. Bh6 O-O 15.
Bxg7 Kxg7 16. Ne3 d5 17. exd5 exd5 18. Nb3 Qd6 19. d4 c4 20. Nc5 Rb6 21. Rfe1
Rd8 22. Re2 Qf6 23. f4 h5 24. Rae1 Qd6 25. Qc1 Qf6 26. Rf2 Bf5 27. Nxf5+ Qxf5
28. Qc2 Qxc2 29. Rxc2 Ng8 30. h3 Nf6 31. Bf3 Rb5 32. g4 hxg4 33. hxg4 g5 34.
fxg5 Nh7 35. Rce2 Nxg5 36. Bg2 Rd6 37. Kh2 Ra5 38. a4 Nd8 39. Re5 Nge6 40. Rxd5
Rxd5 41. Bxd5 Nxc5 42. dxc5 Rxc5 43. Rd1 Ra5 44. Be4 Ne6 45. Bc6 Rc5 46. Bf3
Ra5 47. Bc6 Rc5 48. Bf3 Ra5 1/2-1/2

[Event "GBR-ch86"]
[Site "Scarborough"]
[Date "1999.08.04"]
[Round "3.21"]
[White "Naylor, John"]
[Black "Houska, Miroslav"]
[Result "0-1"]
[WhiteElo "2233"]
[BlackElo "2364"]
[PlyCount "82"]
[EventDate "1999.08.02"]
[EventType "swiss"]
[EventRounds "11"]
[EventCountry "GBR"]

1. e4 d6 2. d4 Nf6 3. Nc3 g6 4. Nf3 Bg7 5. Be3 a6 6. h3 b5 7. e5 Nfd7 8. Ng5
Nb6 9. e6 Bxe6 10. Nxe6 fxe6 11. h4 Nc6 12. h5 Qd7 13. g3 d5 14. hxg6 hxg6 15.
Rxh8+ Bxh8 16. Qg4 O-O-O 17. Bh3 e5 18. Qxd7+ Nxd7 19. Nxd5 exd4 20. Bf4 e5 21.
Bg5 Re8 22. Ke2 e4 23. Rh1 Re5 24. Nf6 Bxf6 25. Bxf6 Rh5 26. Bg7 Rc5 27. Kd2
Kd8 28. Bg2 Rf5 29. Bxe4 Rxf2+ 30. Ke1 Rf7 31. Rh8+ Ke7 32. Bh6 Kd6 33. Bxg6
Re7+ 34. Kd2 Nce5 35. Bf4 Kd5 36. Bxe5 Nxe5 37. Bh5 Nc4+ 38. Kd1 Nxb2+ 39. Kc1
Nc4 40. Bf3+ Kc5 41. Kd1 Kb4 0-1

[Event "GBR-ch86"]
[Site "Scarborough"]
[Date "1999.08.04"]
[Round "3.22"]
[White "Cobb, James E"]
[Black "Jackson, Adrian"]
[Result "1-0"]
[WhiteElo "2349"]
[BlackElo "2223"]
[PlyCount "77"]
[EventDate "1999.08.02"]
[EventType "swiss"]
[EventRounds "11"]
[EventCountry "GBR"]

1. c4 Nf6 2. Nc3 g6 3. g3 Bg7 4. Bg2 O-O 5. Nf3 d6 6. d4 Nc6 7. O-O a6 8. d5
Na5 9. Nd2 c5 10. Qc2 Rb8 11. b3 b5 12. Bb2 bxc4 13. bxc4 Bh6 14. f4 Ng4 15.
Nd1 Rxb2 16. Qxb2 Bg7 17. Qc1 Bd4+ 18. Kh1 Bxa1 19. Qxa1 Qb6 20. h3 Nh6 21. g4
Bd7 22. Nf2 Qb4 23. Qc1 Rb8 24. Nd3 Qb6 25. Qc3 Qc7 26. e4 f6 27. e5 fxe5 28.
fxe5 dxe5 29. Nxe5 Nb7 30. Qe3 Ba4 31. Nc6 Nf7 32. Nxb8 Qxb8 33. Qxe7 Nbd6 34.
Ne4 Bc2 35. Nxd6 Nxd6 36. Qe6+ Kg7 37. Qe5+ Kg8 38. Rf6 Qb1+ 39. Kh2 1-0

[Event "GBR-ch86"]
[Site "Scarborough"]
[Date "1999.08.04"]
[Round "3.23"]
[White "Aikhoje, Odion"]
[Black "Buckley, Simon"]
[Result "1/2-1/2"]
[WhiteElo "2341"]
[BlackElo "2216"]
[PlyCount "102"]
[EventDate "1999.08.02"]
[EventType "swiss"]
[EventRounds "11"]
[EventCountry "GBR"]

1. Nf3 Nf6 2. d4 g6 3. Bg5 Bg7 4. Nbd2 O-O 5. e3 d6 6. Bd3 Nbd7 7. Qe2 e5 8. c3
Qe8 9. Bc2 e4 10. Ng1 d5 11. c4 c6 12. Bb3 Qe6 13. Nb1 b5 14. cxb5 cxb5 15. Nh3
Ba6 16. Qd2 b4 17. Nf4 Qd6 18. a3 Rfc8 19. axb4 Bc4 20. Bxc4 Rxc4 21. Nc3 Rxb4
22. Bxf6 Nxf6 23. Nfxd5 Nxd5 24. Nxd5 Rb3 25. Nc3 Rab8 26. Ra2 f5 27. O-O Qb4
28. Qc1 Rxb2 29. Nd5 Qb3 30. Ne7+ Kf7 31. Rxb2 Qxb2 32. Nc6 Qxc1 33. Rxc1 Ra8
34. Rc5 Bf8 35. Ra5 a6 36. h4 Ke6 37. h5 Bd6 38. hxg6 hxg6 39. d5+ Kf6 40. f3
Bc7 41. Ra4 exf3 42. gxf3 Bb6 43. Kf2 Re8 44. Rxa6 Bxe3+ 45. Kg2 g5 46. Na5+
Ke5 47. d6 Ke6 48. Nc4 Bc5 49. Ra5 Bxd6 50. Nxd6 Kxd6 51. Rxf5 Re5 1/2-1/2

[Event "GBR-ch86"]
[Site "Scarborough"]
[Date "1999.08.04"]
[Round "3.25"]
[White "Berry, Neil"]
[Black "Pert, Richard G"]
[Result "1/2-1/2"]
[WhiteElo "2200"]
[BlackElo "2308"]
[PlyCount "46"]
[EventDate "1999.08.02"]
[EventType "swiss"]
[EventRounds "11"]
[EventCountry "GBR"]

1. d4 Nf6 2. c4 e5 3. dxe5 Ng4 4. Bf4 Bb4+ 5. Nd2 d6 6. Ngf3 dxe5 7. Bxe5 Bxd2+
8. Qxd2 Qxd2+ 9. Kxd2 Nxf2 10. Rg1 O-O 11. Ke1 Ne4 12. Nd2 Nxd2 13. Kxd2 Na6
14. g4 c6 15. e3 Nc5 16. Kc2 Re8 17. Bd4 Ne4 18. c5 Be6 19. Bd3 Bd5 20. Bxe4
Rxe4 21. h3 b6 22. b3 bxc5 23. Bxc5 a5 1/2-1/2

[Event "GBR-ch86"]
[Site "Scarborough"]
[Date "1999.08.04"]
[Round "3.26"]
[White "Rudd, Jack"]
[Black "Dearing, Eddie"]
[Result "1-0"]
[WhiteElo "2185"]
[BlackElo "2295"]
[PlyCount "83"]
[EventDate "1999.08.02"]
[EventType "swiss"]
[EventRounds "11"]
[EventCountry "GBR"]

1. e4 e6 2. d4 d5 3. Nd2 Nf6 4. e5 Nfd7 5. f4 c5 6. c3 Nc6 7. Ndf3 Qb6 8. Ne2
f6 9. g3 cxd4 10. cxd4 Bb4+ 11. Bd2 fxe5 12. dxe5 Bc5 13. Qc1 Bf2+ 14. Kd1 O-O
15. Bh3 Nc5 16. Qc2 Ne4 17. Rf1 Bd7 18. Qb3 Qa6 19. Qa3 Qxa3 20. bxa3 Bc5 21.
Nc3 Nf2+ 22. Rxf2 Bxf2 23. Ke2 Bc5 24. Nxd5 Rad8 25. Nc7 Bxa3 26. Nxe6 Bxe6 27.
Bxe6+ Kh8 28. Be3 Be7 29. Rb1 Rb8 30. f5 b5 31. g4 a5 32. Rc1 Nd8 33. Bd5 a4
34. Ba7 Ba3 35. Rc7 Nc6 36. Bxc6 Rbc8 37. Rxc8 Rxc8 38. Bd5 b4 39. Bd4 Rc2+ 40.
Kd3 Rg2 41. f6 Rxg4 42. e6 1-0

[Event "GBR-ch86"]
[Site "Scarborough"]
[Date "1999.08.04"]
[Round "3.27"]
[White "Hunt, Adam"]
[Black "Greet, Andrew"]
[Result "1/2-1/2"]
[WhiteElo "2288"]
[BlackElo "2215"]
[PlyCount "81"]
[EventDate "1999.08.02"]
[EventType "swiss"]
[EventRounds "11"]
[EventCountry "GBR"]

1. e4 c5 2. Nc3 Nc6 3. f4 g6 4. Nf3 Bg7 5. Bb5 Nd4 6. Bd3 d6 7. Nxd4 cxd4 8.
Ne2 Nf6 9. c3 dxc3 10. bxc3 b6 11. Bc2 Bb7 12. d3 O-O 13. O-O Qc7 14. Qe1 Nd7
15. Bd2 Rac8 16. Rc1 e6 17. d4 f5 18. e5 Ba6 19. Bb3 d5 20. Rf3 Rf7 21. Rc2 Bf8
22. Nc1 Be7 23. Be3 Bc4 24. Qd2 a5 25. h3 h5 26. g4 hxg4 27. hxg4 Rh7 28. Qg2
Kf7 29. Rh3 Rch8 30. Rxh7+ Rxh7 31. Bf2 b5 32. Qf3 a4 33. Bxc4 Qxc4 34. gxf5
gxf5 35. Be1 Ba3 36. Rh2 Rxh2 37. Kxh2 Bxc1 38. Qh5+ Kg7 39. Qg5+ Kf7 40. Qh5+
Kg8 41. Qg5+ 1/2-1/2

[Event "GBR-ch86"]
[Site "Scarborough"]
[Date "1999.08.04"]
[Round "3.28"]
[White "Tippleston, Charles"]
[Black "Mason, Donald"]
[Result "0-1"]
[WhiteElo "2171"]
[BlackElo "2284"]
[PlyCount "93"]
[EventDate "1999.08.02"]
[EventType "swiss"]
[EventRounds "11"]
[EventCountry "GBR"]

1. e4 e6 2. d4 d5 3. Nd2 Nf6 4. e5 Nfd7 5. c3 c5 6. f4 Nc6 7. Ngf3 cxd4 8. Nxd4
Nxd4 9. cxd4 Nb8 10. Nf3 Nc6 11. a3 b5 12. Bd3 Qb6 13. Bc2 b4 14. O-O Rb8 15.
axb4 Bxb4 16. Kh1 Bd7 17. Be3 Be7 18. b3 Nb4 19. Bb1 g6 20. Rf2 Rc8 21. Kg1 Bb5
22. g3 Kd7 23. Ng5 Rcf8 24. h4 h6 25. Nf3 h5 26. Ng5 Rhg8 27. Kh2 Rg7 28. Rg2
Rc8 29. Qd2 a6 30. Nxf7 Rxf7 31. Bxg6 Rg7 32. Bxh5 Rc2 33. Qd1 Rxg2+ 34. Kxg2
Bxh4 35. g4 Bd3 36. Rc1 Be4+ 37. Kh3 Be7 38. Qd2 Nd3 39. Ra1 Qxb3 40. Kh2 Bb4
41. Qe2 a5 42. g5 Qb2 43. Qxb2 Nxb2 44. Be2 Nc4 45. Bf2 Bd2 46. Ra4 Bxf4+ 47.
Bg3 0-1

[Event "GBR-ch86"]
[Site "Scarborough"]
[Date "1999.08.04"]
[Round "3.31"]
[White "Richards, Heather"]
[Black "Devereaux, Max"]
[Result "0-1"]
[WhiteElo "2117"]
[BlackElo "2265"]
[PlyCount "66"]
[EventDate "1999.08.02"]
[EventType "swiss"]
[EventRounds "11"]
[EventCountry "GBR"]

1. e4 c5 2. c3 d5 3. exd5 Qxd5 4. d4 Nc6 5. Nf3 Nf6 6. Be3 cxd4 7. cxd4 e6 8.
Nc3 Qd6 9. Bd3 Be7 10. O-O O-O 11. a3 b6 12. Qe2 Bb7 13. Rad1 h6 14. Rfe1 Rfd8
15. Bb1 Bf8 16. Qc2 Ne7 17. Ne5 Ned5 18. Ne4 Qe7 19. Ng3 Rac8 20. Qd3 g6 21.
Bd2 Bg7 22. Nf3 Qc7 23. Ne5 Ne7 24. Qe3 Qd6 25. Qe2 Qd5 26. Nf3 Qb3 27. Bc3
Ned5 28. Ne5 Nf4 29. Qd2 Nxg2 30. Re2 Nh4 31. Qf4 Qxd1+ 32. Re1 Nf3+ 33. Nxf3
Qxf3 0-1

[Event "GBR-ch86"]
[Site "Scarborough"]
[Date "1999.08.04"]
[Round "3.32"]
[White "Simons, Martin"]
[Black "Scannell, Stephen"]
[Result "1/2-1/2"]
[WhiteElo "2264"]
[BlackElo "2069"]
[PlyCount "139"]
[EventDate "1999.08.02"]
[EventType "swiss"]
[EventRounds "11"]
[EventCountry "GBR"]

1. e4 c6 2. Nc3 d5 3. Qf3 dxe4 4. Nxe4 Nd7 5. Ne2 Ndf6 6. N2c3 Bg4 7. Qf4 e6 8.
b3 Nxe4 9. Nxe4 Bf5 10. Bb2 Bxe4 11. Qxe4 Nf6 12. Qf3 Bc5 13. g3 Qe7 14. Bg2
Ba3 15. Bc3 Bb4 16. Bxb4 Qxb4 17. c3 Qd6 18. d4 O-O 19. O-O Rfe8 20. Rfe1 e5
21. dxe5 Rxe5 22. Rxe5 Qxe5 23. Rd1 h6 24. Rd3 Qe1+ 25. Bf1 Re8 26. Qd1 Qxd1
27. Rxd1 Kf8 28. Bg2 Re2 29. Rd8+ Re8 30. Rxe8+ Kxe8 31. Kf1 Kd7 32. Ke2 Kd6
33. f4 Ng4 34. h3 Nf6 35. Bf3 Nd5 36. Kd3 f6 37. Kd4 c5+ 38. Kd3 b6 39. a3 Nc7
40. b4 Ne6 41. Kc4 cxb4 42. cxb4 g5 43. fxg5 fxg5 44. Bg4 Nc7 45. Kd4 Nb5+ 46.
Ke4 Nxa3 47. Kf5 Nc2 48. b5 Nd4+ 49. Kg6 Nxb5 50. Kxh6 a5 51. Bd1 Nc3 52. Bc2
Ne2 53. Kxg5 Nxg3 54. Kf4 Nh5+ 55. Kg5 Ng7 56. Kf6 Nh5+ 57. Kg5 Ng3 58. Kf4
Ne2+ 59. Ke3 Nc3 60. Kd4 Nd5 61. Ba4 Nc7 62. Kc4 Ke5 63. Bd7 Ke4 64. Bc6+ Ke3
65. Bd7 Kf4 66. Bc6 Ne6 67. Bd7 Nc5 68. Be8 Ke5 69. Kb5 a4 70. Kb4 1/2-1/2

[Event "GBR-ch86"]
[Site "Scarborough"]
[Date "1999.08.04"]
[Round "3.34"]
[White "Bisby, Daniel"]
[Black "Buckley, David"]
[Result "0-1"]
[WhiteElo "2252"]
[BlackElo "2163"]
[PlyCount "142"]
[EventDate "1999.08.02"]
[EventType "swiss"]
[EventRounds "11"]
[EventCountry "GBR"]

1. d4 d5 2. c4 c6 3. Nc3 Nf6 4. e3 Bf5 5. cxd5 cxd5 6. Qb3 Bc8 7. Nf3 e6 8. Bd2
Nc6 9. Rc1 Be7 10. Bb5 Bd7 11. Ne5 Rc8 12. Bxc6 Bxc6 13. Nxc6 bxc6 14. Na4 Ne4
15. Bc3 Rb8 16. Qc2 Nxc3 17. Nxc3 O-O 18. O-O c5 19. dxc5 Bxc5 20. Rfd1 Bb6 21.
Na4 Rc8 22. Qd3 Bc7 23. Qd4 Bb8 24. Nc5 Qd6 25. g3 Rc6 26. Nb3 Rfc8 27. Rxc6
Rxc6 28. Qa4 Ra6 29. Qe8+ Qf8 30. Qxf8+ Kxf8 31. Rc1 Be5 32. Nc5 Bxb2 33. Rc2
Rxa2 34. Nb3 a5 35. Nxa5 Rxa5 36. Rxb2 Ra7 37. h4 e5 38. Rb5 Rd7 39. Kf1 f6 40.
Ke2 Ke7 41. Ra5 h5 42. Kf3 Ke6 43. Ra6+ Kf5 44. Ra5 g5 45. Ra6 gxh4 46. gxh4
Rg7 47. Ra1 Rg4 48. Rh1 d4 49. exd4 exd4 50. Ra1 Rxh4 51. Ra5+ Kg6 52. Rd5 Rg4
53. Rd8 f5 54. Rd6+ Kg5 55. Rd8 h4 56. Rg8+ Kf6 57. Rf8+ Ke6 58. Ke2 Rf4 59.
Rh8 Kf6 60. Rh7 Re4+ 61. Kf3 Ke5 62. Rd7 Ke6 63. Rd8 Ke7 64. Rd5 Kf6 65. Rd8 h3
66. Kg3 Rh4 67. Kh2 Ke5 68. f3 Rh7 69. Ra8 Kf4 70. Rd8 Ke3 71. Rd5 f4 0-1

[Event "GBR-ch86"]
[Site "Scarborough"]
[Date "1999.08.04"]
[Round "3.35"]
[White "Thiruchelvam, Murugan"]
[Black "Sugden, John"]
[Result "1/2-1/2"]
[WhiteElo "2088"]
[BlackElo "2241"]
[PlyCount "64"]
[EventDate "1999.08.02"]
[EventType "swiss"]
[EventRounds "11"]
[EventCountry "GBR"]

1. e4 c5 2. Nf3 e6 3. c4 Nc6 4. Nc3 Nd4 5. d3 Ne7 6. g3 Nec6 7. Bg2 g6 8. Bf4
d6 9. O-O Bg7 10. Qd2 O-O 11. Bh6 a6 12. Bxg7 Kxg7 13. Nxd4 Nxd4 14. f4 f5 15.
Rae1 Rb8 16. Ne2 Qf6 17. Nxd4 Qxd4+ 18. Rf2 b6 19. Qe3 Qxe3 20. Rxe3 Kf6 21.
Rd2 Bb7 22. Rde2 Rfe8 23. e5+ dxe5 24. Rxe5 Bxg2 25. Kxg2 Rbd8 26. R2e3 Rd6 27.
Kf3 h6 28. h3 g5 29. a4 gxf4 30. Kxf4 Rd4+ 31. Kf3 a5 32. b3 h5 1/2-1/2

[Event "GBR-ch86"]
[Site "Scarborough"]
[Date "1999.08.04"]
[Round "3.36"]
[White "D'Costa, Lorin"]
[Black "McDonnell, James"]
[Result "0-1"]
[WhiteElo "2215"]
[BlackElo "2051"]
[PlyCount "94"]
[EventDate "1999.08.02"]
[EventType "swiss"]
[EventRounds "11"]
[EventCountry "GBR"]

1. e4 c5 2. Nf3 Nc6 3. d4 cxd4 4. Nxd4 Nf6 5. Nc3 d6 6. Bg5 e6 7. Qd2 Be7 8.
O-O-O O-O 9. Nb3 Qb6 10. f3 Rd8 11. Kb1 a6 12. h4 Qc7 13. h5 h6 14. Bf4 Ne5 15.
Qf2 b5 16. g4 Nh7 17. Bc1 Bd7 18. f4 Nxg4 19. Qg3 b4 20. Qxg4 bxc3 21. Rd3 cxb2
22. Bxb2 e5 23. Qg2 Bf6 24. Rg1 Kh8 25. Bc3 a5 26. Rg3 a4 27. Nd2 Be6 28. f5
Rab8+ 29. Ka1 Bd7 30. Bc4 Ng5 31. Qe2 Bc6 32. Rd3 Rb7 33. Ba6 Qb6 34. Rdg3 Rbb8
35. Bd3 Qc5 36. Nc4 Rdc8 37. Bb2 Bxe4 38. Ba3 Bxd3 39. cxd3 Qd4+ 40. Bb2 Qd5
41. Ne3 Qa5 42. a3 Rb3 43. Rb1 Be7 44. Ka2 f6 45. Rg4 d5 46. Nc2 Qb5 47. Nb4 e4
0-1

[Event "GBR-ch86"]
[Site "Scarborough"]
[Date "1999.08.04"]
[Round "3.37"]
[White "Stephenson, F Norman"]
[Black "Bushill, Michael"]
[Result "1-0"]
[WhiteElo "2212"]
[BlackElo "2072"]
[PlyCount "71"]
[EventDate "1999.08.02"]
[EventType "swiss"]
[EventRounds "11"]
[EventCountry "GBR"]

1. d4 Nf6 2. Nf3 e6 3. e3 c5 4. Bd3 b6 5. O-O Bb7 6. c4 Be7 7. Nc3 d5 8. cxd5
exd5 9. dxc5 Bxc5 10. b3 O-O 11. Bb2 Nc6 12. Nb5 Ne4 13. Nbd4 Nxd4 14. Nxd4 Qg5
15. Rc1 Rad8 16. Qe2 Rd6 17. f3 Nf6 18. h4 Qe5 19. Nf5 Qe6 20. Nxd6 Qxd6 21.
Bd4 Re8 22. Qc2 Rxe3 23. Bxe3 Bxe3+ 24. Kh1 Bxc1 25. Rxc1 g6 26. Qc7 Qb4 27. g3
Qd2 28. Qc3 Qe3 29. Bb5 Qf2 30. Qxf6 d4 31. Bc6 Bxc6 32. Rxc6 Qf1+ 33. Kh2 Qf2+
34. Kh3 Qf1+ 35. Kg4 h5+ 36. Kg5 1-0

[Event "GBR-ch86"]
[Site "Scarborough"]
[Date "1999.08.04"]
[Round "3.38"]
[White "Hanley, Craig"]
[Black "Dempsey, Paul"]
[Result "1-0"]
[WhiteElo "2178"]
[BlackElo "2168"]
[PlyCount "101"]
[EventDate "1999.08.02"]
[EventType "swiss"]
[EventRounds "11"]
[EventCountry "GBR"]

1. c4 c5 2. Nc3 b6 3. e4 Bb7 4. g3 Nf6 5. Bg2 e6 6. Nge2 d6 7. O-O a6 8. d3 Qc7
9. a3 Nc6 10. Rb1 Nd4 11. Be3 e5 12. h3 Be7 13. f4 h5 14. b4 Bc6 15. Qd2 Rc8
16. b5 axb5 17. Bxd4 cxd4 18. Nxb5 Qd7 19. fxe5 dxe5 20. Rf5 Qe6 21. Na7 Rc7
22. Nxc6 Rxc6 23. a4 g6 24. Rff1 O-O 25. Rb5 Ra8 26. Qc2 Nd7 27. Nxd4 exd4 28.
e5 Rac8 29. Bd5 Qxh3 30. Rxf7 Qxg3+ 31. Qg2 Qe3+ 32. Kh1 Kh8 33. Bxc6 Qe1+ 34.
Rf1 Qh4+ 35. Kg1 Bg5 36. Bxd7 Be3+ 37. Rf2 Rf8 38. Rbb2 Qf4 39. e6 Qe5 40. Kf1
Rxf2+ 41. Rxf2 Bxf2 42. Qxf2 Qg5 43. Qxd4+ Kh7 44. Qe4 Qf6+ 45. Ke2 Qb2+ 46.
Kf3 Qd2 47. e7 Qd1+ 48. Qe2 Qh1+ 49. Ke3 Qg1+ 50. Ke4 Qh1+ 51. Ke5 1-0

[Event "GBR-ch86"]
[Site "Scarborough"]
[Date "1999.08.04"]
[Round "3.39"]
[White "Ledger, Stephen C"]
[Black "Webster, Andrew"]
[Result "0-1"]
[WhiteElo "2162"]
[BlackElo "2427"]
[PlyCount "90"]
[EventDate "1999.08.02"]
[EventType "swiss"]
[EventRounds "11"]
[EventCountry "GBR"]

1. d4 Nf6 2. Nf3 e6 3. Bf4 c5 4. e3 Nh5 5. Bg5 Qb6 6. Qc1 h6 7. Bh4 g5 8. Bg3
Nxg3 9. hxg3 cxd4 10. Nxd4 Bg7 11. c3 d5 12. Bd3 Nd7 13. g4 Nc5 14. Be2 Bd7 15.
Nd2 Rc8 16. Qc2 Ba4 17. b3 Bd7 18. Rc1 O-O 19. Qb1 f5 20. gxf5 exf5 21. c4 f4
22. O-O fxe3 23. fxe3 Ne6 24. Nf5 Rxf5 25. Qxf5 Qxe3+ 26. Qf2 Bd4 27. Nf3 Qxf2+
28. Rxf2 Bxf2+ 29. Kxf2 dxc4 30. Rxc4 Nf4 31. Rxc8+ Bxc8 32. Bc4+ Be6 33. Bxe6+
Nxe6 34. Ke3 Kg7 35. g3 h5 36. Ke4 Kf6 37. Ne5 h4 38. gxh4 gxh4 39. Nd3 Kg5 40.
Kf3 Kf5 41. b4 b6 42. a4 Ng5+ 43. Kg2 Ke4 44. Nc1 Kd4 45. a5 b5 0-1

[Event "GBR-ch86"]
[Site "Scarborough"]
[Date "1999.08.04"]
[Round "3.40"]
[White "Mercs, Peter J"]
[Black "Smith, Andrew Philip"]
[Result "1-0"]
[WhiteElo "2123"]
[BlackElo "2275"]
[PlyCount "77"]
[EventDate "1999.08.02"]
[EventType "swiss"]
[EventRounds "11"]
[EventCountry "GBR"]

1. e4 c5 2. Nf3 e6 3. d4 cxd4 4. Nxd4 Nf6 5. Nc3 d6 6. Be3 a6 7. Qd2 b5 8. f3
Bb7 9. g4 h6 10. O-O-O Nbd7 11. Rg1 b4 12. Na4 Qa5 13. b3 Nc5 14. h4 Nxa4 15.
bxa4 Qxa4 16. g5 hxg5 17. hxg5 Nd7 18. Bc4 g6 19. Rh1 Rxh1 20. Rxh1 d5 21. Bb3
Qa5 22. Rh7 Rd8 23. Qh2 e5 24. Ne6 Rc8 25. Nxf8 Kxf8 26. Qh6+ Ke7 27. Qxg6 Rf8
28. Qf5 Qc7 29. g6 Qc3 30. Bg5+ Kd6 31. Kb1 dxe4 32. Rxf7 Rxf7 33. gxf7 Nf8 34.
Qf6+ Kc5 35. Qe7+ Kb6 36. Qxf8 e3 37. Bxe3+ Qxe3 38. Qxb4+ Ka7 39. f8=Q 1-0

[Event "GBR-ch86"]
[Site "Scarborough"]
[Date "1999.08.04"]
[Round "3.42"]
[White "Jackson, Oliver"]
[Black "Lim, Chin Lee"]
[Result "1-0"]
[WhiteElo "2242"]
[BlackElo "2110"]
[PlyCount "53"]
[EventDate "1999.08.02"]
[EventType "swiss"]
[EventRounds "11"]
[EventCountry "GBR"]

1. e4 c5 2. f4 d5 3. Nc3 d4 4. Bb5+ Bd7 5. Bxd7+ Qxd7 6. Nb1 Nf6 7. d3 Nc6 8.
Nf3 e6 9. O-O Be7 10. Ne5 Qc7 11. Nxc6 Qxc6 12. Nd2 O-O 13. Nc4 b5 14. Ne5 Qc7
15. Rf3 Bd6 16. Rg3 Kh8 17. Qf3 Bxe5 18. fxe5 Qxe5 19. Rg5 Qc7 20. Rxg7 Kxg7
21. Bh6+ Kg6 22. Bf4 Qxf4 23. Qxf4 Nd7 24. Rf1 Kg7 25. Rf3 Rae8 26. Rh3 f5 27.
Qh6+ 1-0

[Event "GBR-ch86"]
[Site "Scarborough"]
[Date "1999.08.04"]
[Round "3.44"]
[White "Buckley, Melanie"]
[Black "Storey, Charles H"]
[Result "0-1"]
[WhiteElo "2075"]
[BlackElo "2211"]
[PlyCount "64"]
[EventDate "1999.08.02"]
[EventType "swiss"]
[EventRounds "11"]
[EventCountry "GBR"]

1. e4 Nf6 2. Nc3 d5 3. e5 Ne4 4. Nce2 f6 5. d3 Ng5 6. exf6 exf6 7. Ng3 Nc6 8.
d4 Bd7 9. c3 Bd6 10. Bd3 g6 11. N1e2 Qe7 12. O-O O-O-O 13. b4 Rdg8 14. a4 h5
15. h4 Ne4 16. Nxe4 dxe4 17. Bc4 Rg7 18. a5 g5 19. hxg5 h4 20. f4 h3 21. Rf2
Bg4 22. d5 e3 23. dxc6 exf2+ 24. Kxf2 Bxe2 25. cxb7+ Kb8 26. Bxe2 fxg5 27. Be3
gxf4 28. Bxa7+ Kxa7 29. Qd4+ c5 30. Qc4 Qh4+ 31. Kg1 Rxg2+ 32. Kh1 Rh2+ 0-1

[Event "GBR-ch86"]
[Site "Scarborough"]
[Date "1999.08.04"]
[Round "3.46"]
[White "Churm, Rohan"]
[Black "McMahon, Paul"]
[Result "0-1"]
[WhiteElo "2168"]
[BlackElo "2030"]
[PlyCount "58"]
[EventDate "1999.08.02"]
[EventType "swiss"]
[EventRounds "11"]
[EventCountry "GBR"]

1. e4 e5 2. Nf3 Nc6 3. Bb5 a6 4. Ba4 Nf6 5. O-O b5 6. Bb3 Be7 7. Re1 O-O 8. c3
d5 9. exd5 Nxd5 10. Nxe5 Nxe5 11. Rxe5 Nf6 12. d4 Bd6 13. Re1 Ng4 14. g3 Qf6
15. Be3 Re8 16. Bd5 Rxe3 17. f3 Qg5 18. Bxa8 Nxh2 19. Rxe3 Qxe3+ 20. Kg2 Bh3+
21. Kxh3 Qf2 22. f4 Nf1 23. Qd3 g5 24. Nd2 Qh2+ 25. Kg4 h5+ 26. Kxg5 Qh3 27.
Re1 Qg4+ 28. Kf6 Qg7+ 29. Kf5 Qg6# 0-1

[Event "GBR-ch86"]
[Site "Scarborough"]
[Date "1999.08.05"]
[Round "4.3"]
[White "Turner, Matthew"]
[Black "Wells, Peter K"]
[Result "1/2-1/2"]
[WhiteElo "2478"]
[BlackElo "2476"]
[PlyCount "75"]
[EventDate "1999.08.02"]
[EventType "swiss"]
[EventRounds "11"]
[EventCountry "GBR"]

1. e4 e5 2. Nc3 Nf6 3. Bc4 Nc6 4. Nf3 Nxe4 5. O-O Nxc3 6. dxc3 Be7 7. Qd5 O-O
8. Nxe5 Nxe5 9. Qxe5 Bf6 10. Qh5 c6 11. f4 d5 12. Bd3 g6 13. Qf3 c5 14. f5 c4
15. Bh6 Bg7 16. Bxg7 Kxg7 17. f6+ Kh8 18. Be2 Bf5 19. Qf2 Re8 20. Bf3 Be4 21.
Rae1 Qxf6 22. Bxe4 Qxf2+ 23. Rxf2 f5 24. g4 fxe4 25. Rf7 Rf8 26. Ref1 Kg8 27.
Rxb7 Rxf1+ 28. Kxf1 Rf8+ 29. Ke2 Rf4 30. h3 Rf3 31. Rxa7 Rxh3 32. Rd7 Rh2+ 33.
Ke3 Rxc2 34. Rxd5 Rxb2 35. Kxe4 Rxa2 36. Rc5 Kf7 37. Rxc4 Kf6 38. Rc5 1/2-1/2